| 000 | 00836nam a2200217 i 4500 | ||
|---|---|---|---|
| 001 | 180335 | ||
| 003 | ES-MaACL | ||
| 005 | 20250717094528.0 | ||
| 008 | 120529s1975 sp |||| | spa d | ||
| 080 | _a618.2:37(467.11 B.)"18" | ||
| 080 | _a37(467.11 B.)"18":618.2 | ||
| 100 | 1 |
_aHierro Alberich, Pedro. _9150171 |
|
| 245 | 1 | 3 |
_aLa enseñanza de obstetricia en la antigua Facultad de Medicina de Barcelona, 1843-1906 / _cpor Pedro Hierro Alberich. |
| 260 |
_aBarcelona : _bUniversidad de Barcelona Secretariado de Publicaciones, Intercambio Científico y Extensión Universitaria, _c1975. |
||
| 300 |
_a14 p. ; _c25 cm. |
||
| 502 | _aTesis-Universidad Barcelona (Extracto) | ||
| 650 | 7 |
_aObstetricia _2embne _915676 |
|
| 710 | 2 |
_aUniversidad de Barcelona. _97141 |
|
| 852 |
_aES-MaACL _jE-15361(162) |
||
| 999 |
_c180335 _d180335 |
||